|
|
|
|
| LEADER |
00996nam a2200229 a 4500 |
| 001 |
GR-Patra30668 |
| 008 |
110905s2001 gr g 000 0 gre d |
| 040 |
|
|
|a GrPaTEI
|b gre
|c GR-PaULI
|
| 040 |
|
|
|a GrPaTEI
|b gre
|c GR-PaULI
|
| 082 |
|
0 |
|a 332.041
|2 21
|
| 100 |
1 |
|
|a Κιόχος, Πέτρος Α.
|
| 245 |
1 |
0 |
|a Χρηματοδότηση επιχειρήσεων /
|c Πέτρος Α. Κιόχος, Γεώργιος Δ. Παπανικολάου.
|
| 260 |
|
|
|a Αθήνα :
|b Interbooks,
|c c2001
|
| 300 |
|
|
|a 649σ.
|
| 504 |
|
|
|a Βιβλιογραφία: σ.629-636
|
| 650 |
|
4 |
|a Επιχειρήσεις
|x Χρηματοδότηση
|
| 700 |
1 |
|
|a Παπανικολάου, Γεώργιος Δ.
|
| 710 |
0 |
|
|a Interbooks
|
| 942 |
|
|
|2 ddc
|
| 952 |
|
|
|0 0
|1 0
|2 ddc
|4 0
|6 332_041000000000000_ΚΙΟ
|7 0
|9 312515
|a LISK
|b LISK
|c BSC
|d 2021-01-17
|e 24
|f 0
|g 0.00
|l 0
|o 332.041 ΚΙΟ
|p 92410048873
|r 2021-01-17 00:00:00
|t 1
|w 2021-01-17
|y BK15
|x 20110905 0 1
|x GrPaTEI
|
| 971 |
|
|
|a .b26782406
|b 16-04-20
|c 26-09-16
|
| 999 |
|
|
|c 179171
|d 179171
|